| 000 | 00453nam a2200181 4500 | ||
|---|---|---|---|
| 001 | 8160 | ||
| 005 | 20230410132804.0 | ||
| 008 | 060907n2001 dr spa | ||
| 020 | _a0743204476 | ||
| 035 | _9funglode8227 | ||
| 041 | _aEN | ||
| 050 | 1 | 4 | _aQH 324.2 B477d 2001 |
| 100 | _aBentley, Peter J. | ||
| 245 | 1 |
_aDigital biology / _cPeter Bentley |
|
| 260 |
_aNew York : _bSimon & Schuster, _c2001 |
||
| 300 | _a272 p. | ||
| 942 |
_2lcc _cbk |
||
| 999 |
_c87799 _d87799 |
||